| 000 | 01292cam a22003014a 4500 | ||
|---|---|---|---|
| 999 |
_c328800 _d328800 |
||
| 001 | 12087389 | ||
| 003 | Nust | ||
| 005 | 20170417132253.0 | ||
| 008 | 000630s2001 flua b 001 0 eng | ||
| 010 | _a 00058565 | ||
| 020 | _a0849371686 (alk. paper) | ||
| 040 |
_aDLC _cDLC _dDLC |
||
| 042 | _apcc | ||
| 050 | 0 | 0 |
_aGE45.S73 _bM55 2001 |
| 082 | 0 | 0 |
_a363.7007 MIL _221 |
| 100 | 1 | _aMillard, Steven P. | |
| 245 | 1 | 0 |
_aEnvironmental statistics with S-Plus / _cSteven P. Millard, Nagaraj K. Neerchal. |
| 246 | 3 | 0 | _aEnvironmental statistics |
| 260 |
_aBoca Raton : _bCRC Press, _cc2001. |
||
| 300 |
_a830 p. : _bill. ; _c24 cm. |
||
| 440 | 0 | _aApplied environmental statistics | |
| 500 | _aH.B | ||
| 504 | _aIncludes bibliographical references (p. 779-816) and index. | ||
| 630 | 0 | 0 | _aS-Plus. |
| 650 | 0 |
_aEnvironmental sciences _xStatistical methods _xData processing. |
|
| 700 | 1 | _aNeerchal, Nagaraj K. | |
| 856 | 4 | 2 |
_3Publisher description _uhttp://www.loc.gov/catdir/enhancements/fy0646/00058565-d.html |
| 906 |
_a7 _bcbc _corignew _d1 _eocip _f20 _gy-gencatlg |
||
| 942 |
_2ddc _cBK _k363.7007 MIL |
||